02022cam a22003854i 4500003000900000005001700009008004100026020001500067020001800082035002000100040003300120082001900153100002800172245007900200264004700279300003700326336002100363337002500384338002300409504004000432504003200472505101400504526001001518526001001528526001001538526001001548526000801558526000801566526000801574526000801582526000801590526000801598526000801606650002201614PE-LiUPU20250731172901.0 s txt rb 001 0 eng d a080102966X a9780801029660 a(Sirsi) a165968 aPE-LiUPUbspacPE-LiUPUerda04a261.8bY212231 aYan Tan, Siang,eautor.10aCounseling and psychotherapy :ba Christian perspective /cSiang-Yang Tan. 1aGrand Rapids, MI :bBaker Academic,c2011. a494 páginas ;c24 centimetros. atext2rdacontent aunmediated2rdamedia avolume2rdacarrier aBibliografía : páginas 401-472. aIndice : páginas 473-494.04aBasic issues in the practice of counseling and psychotherapy -- Overview of counseling and psychotherapy: theory, research, and practice -- The person of the counselor -- Legal and ethical issues in counseling and psychotherapy -- Major counseling and psychotherapy theories and techniques -- Psychoanalytic therapy -- Adlerian therapy -- Jungian therapy -- Existential therapy -- Person-centered therapy -- Gestalt therapy -- Reality therapy -- Behavior therapy -- Cognitive behavior therapy and rational emotive behavior therapy -- Marital and family therapy -- A christian approach to counseling and psychotherapy -- Christian theology in christian counseling: a biblical perspective on human nature and effective counseling and psychotherapy -- Christian faith in clinical practice: implicit and explicit integration -- The Holy Spirit and christian spirituality in counseling and psychotherapy -- Legal and ethical issues in christian counseling and psychotherapy -- Appendix: is psychotherapy effective? aSEG42 aSEG41 aSEG40 aSEG39 aP94 aP87 aP86 aP85 aP77 aP76 aP3504aEtica crisitiana.